000
00261nam a22001217a 4500
008
170411b xxu||||| |||| 00| 0 eng d
041
_a
eng
080
_a
616
100
_a
9
101
_a
SHM
245
_a
FIZIOLOGJIA PATOLOGJIKE
_c
MULLAJ.L
942
_2
udc
_c
BK
999
_c
10291
_d
10291